000 00668nam a2200277Ia 4500
005 20260324130609.0
008 008 260324s9999 xx 000 0 eng d
020 _a9781315585048
037 _aEBOOK
040 _aCRL
040 _beng
040 _cCRL
041 _2eng
041 _aeng
084 _qCRL
100 _aKarl Homann; Peter Koslowski; Christoph Luetge
_91182377
245 0 _aGlobalisation and Business Ethics
260 _bTaylor and Francis
260 _c2007
365 _a
365 _b240
856 _uhttp://www.taylorfrancis.com/books/9781315585048
942 _cEBOOK
999 _c1778685
_d1778685